| 000 | 00486nam a22001937a 4500 | ||
|---|---|---|---|
| 003 | CEME | ||
| 005 | 20210628205633.0 | ||
| 008 | 210309b xxu||||| |||| 00| 0 eng d | ||
| 020 | _a0-8053-1677-9 | ||
| 040 | _c. | ||
| 082 | _a005.133-C KEL | ||
| 100 |
_aPohl, Ira Kelley, Al _976379 |
||
| 245 | _aA book on c programming in c | ||
| 250 | _a3RD | ||
| 260 |
_aNEWYORK _bADDISON WESLEY _c1995 |
||
| 300 | _a636P | ||
| 650 |
_aC - COMPUTER PROGRAM LANGUAGE _91226 |
||
| 942 |
_cBK _2ddc |
||
| 999 |
_c581774 _d581774 |
||